| 000 | 00337nam a22001457a 4500 | ||
|---|---|---|---|
| 003 | SGT | ||
| 020 | _a9780071332057 | ||
| 082 | _a001,CHA | ||
| 100 | _aCHAND,TARA | ||
| 245 | _aGENERAL STUDIES 2012 | ||
| 260 |
_aNEW DELHI _bTATA MC GRAW HILL EDUCATION PRIVATE _c2012 |
||
| 300 | _aV.P. | ||
| 650 | _aGENERAL KNOWLEDGE | ||
| 942 |
_2ddc _cBK |
||
| 999 |
_c10351 _d10351 |
||